00578nam a22002057a 450000500170000001000130001702000110003003500130004103700160005404000120007008200150008210000190009724500760011624600060019226000340019827000560023230000210028865000330030965000300034220170124110224.0 aA-779437 c300.00 aA-779437 bCen Lib/Ret aDPLbEN a363.7bDOG a Dogra, Bharat aEncyclopedia of development, environment and welfare /cby Bharat Dogra b  bBharat Dograc1995aNew Delhi bNew DelhiaC-27, Raksha Kunj, Paschim Vihare110063 a311p. c24cm(Hb) aEnvironment -- Encyclopedias a Welfare -- Encyclopedias